000 00685nam a22002177a 4500
005 20251108164348.0
008 250721s1996 xx 000 0 ara d
082 1 4 _a629.4/هدا
100 1 _aهدارة، سيد رمضان
245 1 0 _aإستكشاف الفضاء و إستغلال موارد الكون /
264 1 _aالقاهرة :
_bمركز الاهرام للترجمة،
_c1996.
300 _a131ص
490 0 _aالعلم و الحياة ؛3
500 _aا
650 1 7 _aالفضاء
650 1 7 _aإستكشاف الفضاء
650 1 7 _aالرحلات الفضائية
650 1 7 _aتكنولوجيا الفضاء
942 _2ddc
_cBK
999 _c10286
_d10286